Ricostruisci la Carriera del Calciatore - Sebastian Giovinco - Statistics

Statistiche generali
  • Questo quiz è stato fatto 7 volte
  • Il punteggio medio è 5 su 8
Statistiche sulle risposte
Hint Risposta % Corretto
2012-2015 Juventus
83%
2022 Sampdoria
83%
2007-2008 Empoli
67%
2010-2012 Parma
67%
2006-2007 Juventus
50%
2019-2021 Al-Hilal
33%
2008-2010 Juventus
33%
2015-2019 Toronto FC
33%
Nessun quiz corrispondente trovato
Distribuzione punteggi
Percentuale di utenti per punteggio
Percentile per numero di risposta
I tuoi punteggi nel tempo
Non hai fatto questo quiz